000
00202 a2200097 4500
001
18598
100
_a
Maher G
245
_a
Muqam-e-Hussain
260
_a
_b
Ishaet manzil
_c
1965
090
_c
13826
_d
13826
942
_a
NUST-CAE
_c
M
_c
4254
999
_c
253671
_d
253671